लिफ्ट (Record no. 955)

MARC details
000 -LEADER
fixed length control field 01059 a2200241 4500
005 - DATE AND TIME OF LATEST TRANSACTION
control field 20080903105032.0
008 - FIXED-LENGTH DATA ELEMENTS--GENERAL INFORMATION
fixed length control field 080903t xxu||||| |||| 00| 0 hin d
010 ## - LIBRARY OF CONGRESS CONTROL NUMBER
LC control number HIN-78891
020 ## - INTERNATIONAL STANDARD BOOK NUMBER
Terms of availability 90.00
035 ## - SYSTEM CONTROL NUMBER
System control number HN-51237
037 ## - SOURCE OF ACQUISITION
Source of stock number/acquisition D.B.Act / pub
082 ## - DEWEY DECIMAL CLASSIFICATION NUMBER
Classification number
100 ## - MAIN ENTRY--PERSONAL NAME
Personal name कैन, रामकृष्ण (दीपक)
245 ## - TITLE STATEMENT
Title लिफ्ट
Statement of responsibility, etc रामकृष्ण कैन (दीपक)
246 ## - VARYING FORM OF TITLE
Title proper/short title Lift
Remainder of title by Ramkrishan kaen
260 ## - PUBLICATION, DISTRIBUTION, ETC. (IMPRINT)
Place of publication, distribution, etc दिल्ली
Name of publisher, distributor, etc नवभारत प्रकाशन
Date of publication, distribution, etc 2006
270 ## - ADDRESS
Address डी-626,गली नं.1,अशोक नगर(निकट ललिता मंदिर)शाहदरा
City दिल्ली
Postal code 110093
300 ## - PHYSICAL DESCRIPTION
Extent 80पृ
Dimensions 22सेमी (सजिल्द)
650 ## - SUBJECT ADDED ENTRY--TOPICAL TERM
Topical term or geographic name as entry element उपन्यास
650 ## - SUBJECT ADDED ENTRY--TOPICAL TERM
Topical term or geographic name as entry element Novel
942 ## - ADDED ENTRY ELEMENTS (KOHA)
Institution code [OBSOLETE] dpl
Koha item type Hindi Books
Call number prefix उ / कैनरा
Source of classification or shelving scheme Dewey Decimal Classification
Classification part
Call number suffix कैनरा
Holdings
Withdrawn status Lost status Damaged status Not for loan Collection code Home library Current library Date acquired Cost, normal purchase price Total Checkouts Full call number Barcode Date last seen Copy number Uniform Resource Identifier Cost, replacement price Price effective from Koha item type
      Not For Loan Fiction D.B.Act.Division D.B.Act.Division 03/09/2008 90.00   उ कैनरा HN-51237 15/09/2008 1 1019 90.00 15/09/2008 Hindi Books

© Delhi Public Library
Hit Counter
free hit counter